Selected works of Mao Tse-Tung, Vol.-1 / (Record no. 22557)
[ view plain ]
| 000 -LEADER | |
|---|---|
| fixed length control field | 00856pam a2200253 i 4500 |
| 001 - CONTROL NUMBER | |
| control field | 360110 |
| 003 - CONTROL NUMBER IDENTIFIER | |
| control field | BDDh-ASL |
| 005 - DATE AND TIME OF LATEST TRANSACTION | |
| control field | 20231015030136.0 |
| 008 - FIXED-LENGTH DATA ELEMENTS--GENERAL INFORMATION | |
| fixed length control field | 780301m19751965enkc 000 0 eng |
| 010 ## - LIBRARY OF CONGRESS CONTROL NUMBER | |
| LC control number | 77030658 |
| 015 ## - NATIONAL BIBLIOGRAPHY NUMBER | |
| National bibliography number | GB77 |
| 020 ## - INTERNATIONAL STANDARD BOOK NUMBER | |
| International Standard Book Number | 0080222625 (set) : |
| Terms of availability | £13.85 ($25.00 U.S.) |
| 040 ## - CATALOGING SOURCE | |
| Original cataloging agency | DLC |
| Transcribing agency | DLC |
| Modifying agency | DLC |
| -- | BDDh-ASL |
| 050 00 - LIBRARY OF CONGRESS CALL NUMBER | |
| Classification number | DS778.M3 |
| Item number | A25 1967b |
| 082 00 - DEWEY DECIMAL CLASSIFICATION NUMBER | |
| Classification number | 951.05 |
| Item number | MAS |
| 100 1# - MAIN ENTRY--PERSONAL NAME | |
| Personal name | Mao, Zedong, |
| Dates associated with a name | 1893-1976. |
| 240 10 - UNIFORM TITLE | |
| Uniform title | Works. |
| Form subheading | Selections. |
| Language of a work | English. |
| Date of a work | 1961 |
| 245 10 - TITLE STATEMENT | |
| Title | Selected works of Mao Tse-Tung, Vol.-1 / |
| 250 ## - EDITION STATEMENT | |
| Edition statement | 3rd ed. |
| 260 ## - PUBLICATION, DISTRIBUTION, ETC. | |
| Place of publication, distribution, etc. | Oxford ; |
| -- | New York : |
| -- | Peking, China: |
| Name of publisher, distributor, etc. | Distributed throughout the world by Pergamon Press, |
| -- | Foreign Languages Press, |
| Date of publication, distribution, etc. | 1961 (1975 printing)-1977. |
| -- | 1975. |
| 300 ## - PHYSICAL DESCRIPTION | |
| Extent | v-1 : |
| Other physical details | ports. ; |
| Dimensions | 23 cm. |
| 906 ## - LOCAL DATA ELEMENT F, LDF (RLIN) | |
| a | 7 |
| b | cbc |
| c | orignew |
| d | 1 |
| e | ocip |
| f | 19 |
| g | y-gencatlg |
| 942 ## - ADDED ENTRY ELEMENTS (KOHA) | |
| Source of classification or shelving scheme | Dewey Decimal Classification |
| Koha item type | Books |
| Withdrawn status | Lost status | Source of classification or shelving scheme | Damaged status | Not for loan | Collection code | Home library | Current library | Shelving location | Date acquired | Source of acquisition | Serial Enumeration / chronology | Total Checkouts | Full call number | Barcode | Date last seen | Copy number | Price effective from | Koha item type | Public note |
|---|---|---|---|---|---|---|---|---|---|---|---|---|---|---|---|---|---|---|---|
| Dewey Decimal Classification | Non-fiction | Asiatic Society Library | Asiatic Society Library | General Stacks | 03/01/2021 | ASB Library Collections | V-1 | 951.05 MAS | 106836 | 03/01/2021 | C-1 | 03/01/2021 | Books | RARE |